• 首页
  • 本馆介绍
  • 公告通知
  • 最新文献
  • 馆藏检索
  • 电子资源
  • 读者导购
  • 参考咨询
  • 我的图书馆
  • 登录
  • 详细信息显示
  • 放入我的书架
  • 预约/预借图书
  • 作者相关作品
  • 分类相关作品
  • 丛书相关作品
  • 出版社相关作品

书目信息

  • 表格格式
  • 工作单格式
  • 卡片格式
题名:
举重竞赛规则
    
 
作者: ;中华人民共和国体育运动委员会 审定
分册:  
出版信息: 北京   人民体育出版社  1979
页数: 39页
开本: 13cm
丛书名:
单 册:
中图分类: G884.4
科图分类:
主题词: 体育 , 举重-竞赛规则 , 竞赛规则-举重
电子资源:
ISBN:
000 00846nam0 2200265 45
001 0182002039
005 20060816085751.98
010    @dCNY0.08
091    @a7015.2043
100    @a19950706d1979 em y0chiy0121 ea
101 0  @achi
102    @aCN@b110000
105    @aa z 000yy
200 10 @a举重竞赛规则@Aju zhong jing sai gui ze@f中华人民共和国体育运动委员会审定@Fzhong hua ren min gong he guo ti yu yun dong wei yuan hui shen ding
205    @a9版
210    @a北京@c人民体育出版社@d1979
215    @a39页@c插图@d13cm
606 0  @a体育
606    @a举重-竞赛规则
606    @a竞赛规则-举重
690    @aG884.4
711  0 @a中华人民共和国体育运动委员会@Azhong hua ren min gong he guo ti yu yun dong wei yuan hui shen ding@4审定
801  0 @aCN@b上海图书馆@c20060816
801  2 @aCN@bNLC@c20060516
905    @dG884.4@e9=9(1979)
    
    举重竞赛规则/中华人民共和国体育运动委员会审定.-9版.-北京:人民体育出版社,1979
    39页:插图;13cm
    
    
    ISBN :CNY0.08
    
●
相关链接 在E读中查询图书 在五车中查询图书 在当当中查询图书 在豆瓣中查询图书


正题名:举重竞赛规则     索取号:G884.4/9=9(1979)         预约/预借

序号 登录号 条形码 馆藏地/架位号 状态 备注
1 0464753   204647533   密集书库/ [索取号:G884.4/9=9(1979)] 在馆    
唐山师范学院图书馆 欢迎您!
大连网信软件有限公司© 版权所有